| 000 | 01190nam a2200229Ia 4500 | ||
|---|---|---|---|
| 001 | L953-44081 | ||
| 003 | IT-CnALBA | ||
| 008 | 170116s9999||||xx |||||||||||||| ||und|| | ||
| 040 |
_aIT-CnALBA _cIT-CnALBA |
||
| 041 | _aITALIANO | ||
| 100 | _aLUCCHIN ENRICO | ||
| 245 | 0 | _aANNUARIO PER L'ANNO SCOLASTICO 1927-1928. | |
| 250 | _a1a ed. | ||
| 260 |
_a VE _bFOSCARINI M. LICEO GINNASIO _c1929 [1° Ed.:1929 - Ed.Ling.Originale: 1929] |
||
| 300 | _a79 p. | ||
| 500 | _aCURATORE CONTESSA C. LICEO FOSCARINI. BIBLIOTECA. CERAMICHE VENEZIANE. ILLUSTRAZIONI. PERSONALE. MANUCCI N. TROMBADORI G. NOTE. PROGRAMMI. ISCRIZIONE E FREQUENZA. DISCIPLINE. INSEGNANTI. STUDI. MANIFESTAZIONI CULTURALI. PATRIOTTICHE. POLITICHE. MATERIALI | ||
| 501 | _aSocietà San Paolo EM - Piazza San Paolo, 14 - 12051 ALBA (CN) (non commercial uses only) ® Copyright 2017 | ||
| 520 | _aCURATORE CONTESSA C. LICEO FOSCARINI. BIBLIOTECA. CERAMICHE VENEZIANE. ILLUSTRAZIONI. PERSONALE. MANUCCI N. TROMBADORI G. NOTE. PROGRAMMI. ISCRIZIONE E FREQUENZA. DISCIPLINE. INSEGNANTI. STUDI. MANIFESTAZIONI CULTURALI. PATRIOTTICHE. POLITICHE. MATERIALI | ||
| 650 | _aFASCISMO | ||
| 942 | _cBK | ||
| 957 | _71 | ||
| 999 |
_a49831 _bSI _g Copie: 1 _c303033 _d303033 |
||